00926nam a2200145Ia 45000010005000000080041000050200018000462450064000642600060001283000020001885200500002085460012007086500014007206500046007346548260430s9999 xx 000 0 und d a9781781575925 0aCreative Photography: bThe Professional Edge/ cDan M. Lee aLondon; bIlex Press (Octopus Publishing Group); c2019 a176p; c24x23cm aA practical guide for professional and aspiring photographers focused on developing creative techniques and competitive visual styles. The book presents actionable ideas—such as experimenting with new perspectives, using emerging tools like drones, and refining workflows—to help photographers produce standout portfolio images and attract clients. It also includes interviews and insights from industry professionals to contextualize creative practice within real-world photography careers. aEnglish aTechnique aTR624-835 Technology- Applied Photography